| 000 | 00601cab a2200205 4500 | ||
|---|---|---|---|
| 001 | WB2728-04 | ||
| 008 | 090401t1991 xxu||||| |||| 00| 0 eng d | ||
| 035 | _a(Sirsi) u40069 | ||
| 041 | _aeng | ||
| 245 | _aMundic research | ||
| 260 | _c1991 | ||
| 350 | _a0 | ||
| 490 |
_aNew Builder _vno 90 11/7/91 p5 |
||
| 520 | _aFunding for research into mundic has been doubled, allowing investigations to cover the whole of the UK and is extended to the repair of mundic buildings. | ||
| 650 | _aMUNDIC BLOCK | ||
| 650 | _aREPAIRS | ||
| 690 | _aBUILT ENVIRONMENT | ||
| 942 | _n0 | ||
| 948 | _c04/03/1997 | ||
| 999 |
_c25664 _d25664 |
||